000 00844nam a2200277 a 4500
001 000109793
003 CHAP
005 20220329144104.0
008 140528s2013 mx |rm |0|||||spa d
010 _a106255
011 _a107227
040 _cCHAP
090 _aTesis
100 1 _aRamírez Rosas, María del Rocío
_9127113
245 1 0 _aRendimiento de pepino en respuesta al sistema de tutorado y poda /
_cpor María del Rocío Ramírez Rosas.
260 _aCocula, Gro. :
_bEl autor,
_c2013.
300 _axi, 151 h. :
_bil., gráfs., cuadros.
502 _aTesis (Ing. Agr. Fitotecnista) -- CSAEGro
590 _aE6096MTM
_b05
_c20140528
_lUCH01
_h1343
650 1 4 _aPepino
_xPoda.
_986924
650 1 4 _aPepino
_xRendimiento.
_986928
650 1 4 _aSistemas de cultivo.
_9106746
901 _aBK
942 _cTESIS
942 _n0
999 _c106255
_d106255